| 000 | 01050nam a22002297a 4500 | ||
|---|---|---|---|
| 999 |
_c18705 _d18705 |
||
| 003 | BDDh-ASL | ||
| 005 | 20231015025726.0 | ||
| 008 | 201021s1993 b ||||| |||| 00| 0 b d | ||
| 020 | _a9840728385 | ||
| 040 |
_aBDDh-ASL _cBDDh-ASL _dBDDh-ASL |
||
| 041 | _aben | ||
| 082 |
_a491.244 _bBHS |
||
| 100 | 1 |
_aভৌমিক, কল্পনা _91565 |
|
| 245 | 1 | 0 |
_aসংস্কৃত ও বাংলা ভাষা-সাহিত্যে সংখ্যাবাচক শব্দের ব্যবহার/ _cকল্পনা ভৌমিক। |
| 246 | _aSamskrita o Bangla Bhasha-Sahitye Samkhyavachak | ||
| 260 |
_aঢাকা: _bবাংলা একাডেমী, _c১৯৯৩। |
||
| 300 |
_aপৃ. ৪২০: _c২২ সে.মি.। |
||
| 504 | _aগ্রন্থপঞ্জি ও নির্ঘন্ট সংযুক্ত। | ||
| 650 | 0 |
_91568 _aসংস্কৃত ভাষা |
|
| 650 | 0 |
_aবাংলা ভাষা (Bengali Language), Bangla Bhasha, ভাষা _91542 |
|
| 942 |
_2ddc _cBK |
||